Britannica book of the year. (Record no. 27684)

000 -LEADER
fixed length control field 03383cas a2200841 a 4500
001 - CONTROL NUMBER
control field 11140078
003 - CONTROL NUMBER IDENTIFIER
control field OSt
005 - DATE AND TIME OF LATEST TRANSACTION
control field 20250225102223.0
008 - FIXED-LENGTH DATA ELEMENTS--GENERAL INFORMATION
fixed length control field 740610d19382018iluar 0 a0eng c
010 ## - LIBRARY OF CONGRESS CONTROL NUMBER
LC control number 38012082
016 ## - NATIONAL BIBLIOGRAPHIC AGENCY CONTROL NUMBER
Record control number (AMICUS)000002915358
Record control number (AMICUS)2915358
Source CaOONL
Record control number 00110160R
Source DNLM
Record control number B33760000
Source DNLM
Record control number 001282529
Source IsJJNL
022 ## - INTERNATIONAL STANDARD SERIAL NUMBER
International Standard Serial Number 0068-1156
ISSN-L 0068-1156
Source 1
035 ## - SYSTEM CONTROL NUMBER
System control number (OCoLC)ocm00911926
040 ## - CATALOGING SOURCE
Original cataloging agency WAL
Language of cataloging eng
Transcribing agency WAL
Modifying agency UCU
-- NSD
-- DLC
-- NSD
-- NST
-- OCL
-- RCS
-- HUL
-- OCL
-- HUL
-- OCL
-- NST
-- HUL
-- NST
-- HUL
-- IUL
-- HUL
-- NST
-- OCL
-- IUL
-- SYS
-- B2Q
-- GUA
-- NLM
-- HUL
-- MYG
-- IUL
-- NLGGC
-- VVW
-- J9U
-- OCLCQ
-- T7B
-- OCLCQ
-- I8L
-- WAU
-- OCLCO
-- OCLCF
-- YDXCP
-- OCLCO
-- OVY
-- OCLCO
-- OCLCQ
-- OCLCO
-- KOC
-- DLC
-- OCLCO
-- OCLCQ
-- YDX
-- QE2
-- OCLCO
-- TFW
-- OCLCO
-- OCLCQ
-- OCL
-- NLC
-- CSJ
-- AVA
-- OCLCA
-- OCLCQ
-- CAI
-- OCLCQ
-- XFF
-- CUV
-- SYB
-- OCLCQ
-- OCLCA
-- SYB
-- ZYU
-- IL4J6
-- OCLCO
-- OCLCQ
-- UAU
042 ## - AUTHENTICATION CODE
Authentication code nsdp
-- pcc
050 00 - LIBRARY OF CONGRESS CALL NUMBER
Classification number AE5
Item number .E364
Classification number Q031 N
060 00 - NATIONAL LIBRARY OF MEDICINE CALL NUMBER
Classification number AE 5
Item number E561
082 00 - DEWEY DECIMAL CLASSIFICATION NUMBER
Classification number 032
Item number E5633
222 #0 - KEY TITLE
Key title Britannica book of the year
245 00 - TITLE STATEMENT
Title Britannica book of the year.
260 ## - PUBLICATION, DISTRIBUTION, ETC.
Place of publication, distribution, etc. Chicago :
Name of publisher, distributor, etc. Encyclopaedia Britannica, Inc.
Date of publication, distribution, etc. c1986.
300 ## - PHYSICAL DESCRIPTION
Extent 990 p.
Other physical details illustrations ;
Dimensions 29 cm
310 ## - CURRENT PUBLICATION FREQUENCY
Current publication frequency Annual
336 ## - CONTENT TYPE
Content type term text
Content type code txt
Source rdacontent
337 ## - MEDIA TYPE
Media type term unmediated
Media type code n
Source rdamedia
338 ## - CARRIER TYPE
Carrier type term volume
Carrier type code nc
Source rdacarrier
500 ## - GENERAL NOTE
General note Britannica world data
504 ## - BIBLIOGRAPHY, ETC. NOTE
Bibliography, etc. note Includes bibliographical references.
515 ## - NUMBERING PECULIARITIES NOTE
Numbering peculiarities note Each issue covers events of the previous year.
648 #7 - SUBJECT ADDED ENTRY--CHRONOLOGICAL TERM
Chronological term 1900-2099
Source of heading or term fast
650 #0 - SUBJECT ADDED ENTRY--TOPICAL TERM
Topical term or geographic name entry element Encyclopedias and dictionaries.
Topical term or geographic name entry element Yearbooks.
Topical term or geographic name entry element History, Modern
Form subdivision Periodicals.
Topical term or geographic name entry element History, Modern
Form subdivision Periodicals.
Topical term or geographic name entry element Encyclopedias.
Topical term or geographic name entry element Encyclopedias and dictionaries.
Topical term or geographic name entry element Encyclopédies et dictionnaires.
Topical term or geographic name entry element Encyclopedias and dictionaries.
Source of heading or term fast
Authority record control number or standard number (OCoLC)fst00909533
Topical term or geographic name entry element History, Modern.
Source of heading or term fast
Authority record control number or standard number (OCoLC)fst00958367
Topical term or geographic name entry element Yearbooks.
Source of heading or term fast
Authority record control number or standard number (OCoLC)fst01182595
Topical term or geographic name entry element Wereldgeschiedenis.
Source of heading or term gtt
Topical term or geographic name entry element Encyclopaedia Britannica (encyclopedie)
Source of heading or term gtt
Topical term or geographic name entry element Enciclopedias (Gerais)
Source of heading or term larpcal
Topical term or geographic name entry element Enciclopedias Estrangeiras.
Source of heading or term larpcal
Topical term or geographic name entry element Encyclopedias and dictionaries
Form subdivision Periodicals.
Source of heading or term nli
Topical term or geographic name entry element Encyclopedias and dictionaries.
Source of heading or term nli
655 #0 - INDEX TERM--GENRE/FORM
Genre/form data or focus term Encyclopedias and dictionaries.
Genre/form data or focus term Encyclopedia.
Genre/form data or focus term Dictionaries.
Source of term fast
Authority record control number or standard number (OCoLC)fst01423826
Genre/form data or focus term Periodicals.
Source of term fast
Authority record control number or standard number (OCoLC)fst01411641
Genre/form data or focus term Yearbooks.
Source of term fast
Authority record control number or standard number (OCoLC)fst01424368
Genre/form data or focus term Dictionaries.
Source of term lcgft
Genre/form data or focus term Yearbooks.
Source of term lcgft
710 2# - ADDED ENTRY--CORPORATE NAME
Corporate name or jurisdiction name as entry element Encyclopaedia Britannica, Inc.
730 0# - ADDED ENTRY--UNIFORM TITLE
Uniform title Encyclopaedia Britannica.
740 02 - ADDED ENTRY--UNCONTROLLED RELATED/ANALYTICAL TITLE
Uncontrolled related/analytical title Britannica world data.
Uncontrolled related/analytical title World data.
Uncontrolled related/analytical title Year in review.
775 08 - OTHER EDITION ENTRY
Relationship information British edition:
Title Britannica book of the year (London, England)
Record control number (OCoLC)500010579
776 08 - ADDITIONAL PHYSICAL FORM ENTRY
Relationship information Online version:
Title Britannica book of the year
International Standard Serial Number 0068-1156
Record control number (OCoLC)562462758
906 ## - LOCAL DATA ELEMENT F, LDF (RLIN)
a 7
b cbc
c serials
d 3
e ncip
f 19
g n-oclcserc
942 ## - ADDED ENTRY ELEMENTS (KOHA)
Source of classification or shelving scheme
Koha item type Reference book
Holdings
Withdrawn status Lost status Source of classification or shelving scheme Damaged status Not for loan Permanent Location Current Location Date acquired Full call number Barcode Date last seen Price effective from Koha item type
          IMU Kolkata IMU Kolkata 2025-02-25 032 E5633 07072 2025-02-25 2025-02-25 Reference book
Designed and Maintained by IMU-KC Library, Kolkata Campus © Copyright All Rights Reserved

webs counters

Powered by Koha